Sports Quiz

Random Sports Quiz
Score 0/30 Timer 10:00
5 Plays Today
Games together Player % Correct
399Xavi
97.4%
489Andres Iniesta
97.4%
249Luis Suarez
96.6%
475Gerard Pique
96.1%
516Sergio Busquets
93.6%
270Ivan Rakitic
92.5%
349Dani Alves
92.4%
292Jordi Alba
91.4%
204Marc-Andre Ter Stegen
91.2%
269Carles Puyol
90.8%
353Victor Valdes
90.8%
161Neymar
90.5%
413Javier Mascherano
90.3%
105Samuel Eto'o
88%
117Alexis Sanchez
87.7%
Games together Player % Correct
270Pedro
85.8%
92Yaya Toure
82.1%
102David Villa
78.9%
89Thierry Henry
77.3%
109Samuel Umtiti
73.1%
159Eric Abidal
72.2%
125Rafael Marquez
67.8%
216Sergi Roberto
67.4%
99Nelson Semedo
61.7%
161Seydou Keita
61.7%
86Sergio Aguero
60.4%
123Cesc Fabregas
55.6%
161Adriano
34.5%
88Gabriel Milito
25.9%
109Bojan Krkic
25.9%
Remove Ads.
Support Sporcle.
Get the best of Sporcle when you Go Orange. This ad-free experience offers more features, more stats, and more fun while also helping to support Sporcle. Thank you for becoming a member.

You're not logged in!

Compare scores with friends on all Sporcle quizzes.
OR
Log In

Sporcle TV

Today on Sporcle TV


Watch our educational content, quiz creation guides, and fun videos on Sporcle TV.

Show Comments

Extras

Top Quizzes Today


Score Distribution

Paid Content

Your Account Isn't Verified!

In order to create a playlist on Sporcle, you need to verify the email address you used during registration. Go to your Sporcle Settings to finish the process.

Report this User

Report this user for behavior that violates our Community Guidelines.

Details: